[Event "GER CM03-B email"]
[Site "GER email"]
[Date "2016.06.26"]
[Round "?"]
[White "Bolz, Barbara"]
[Black "Skeels, James B"]
[Result "1-0"]
[WhiteElo "2335"]
[BlackElo "2342"]
[PlyCount "142"]
[EventDate "2016.??.??"]
[EventType "tourn (corr)"]
[EventRounds "13"]
[EventCountry "GER"]
[SourceTitle "Corr 2020"]
[Source "ChessBase"]
[SourceDate "2019.09.30"]
[SourceVersion "1"]
[SourceVersionDate "2019.09.30"]
[SourceQuality "1"]

1. d4 Nf6 2. c4 e6 3. Nf3 b6 4. g3 Ba6 5. b3 Bb4+ 6. Bd2 Be7 7. Bg2 0-0 8. 0-0 d5 9. cxd5 exd5 10. Nc3 Re8 11. Ne5 Bb7 12. a3 Nbd7 13. b4 Bf8 14. Bf4 c6 15. b5 Nxe5 16. Bxe5 Ng4 17. bxc6 Bxc6 18. Bf4 Rc8 19. Qb3 g5 20. Bd2 h6 21. e3 Nf6 22. Rfb1 Qd7 23. a4 Rb8 24. Rb2 Rec8 25. Bf1 Qf5 26. Ba6 Rc7 27. Be1 Bd7 28. Qd1 Ne4 29. Nb5 Bxb5 30. Bxb5 Qe6 31. Be2 Nd6 32. Rb3 Nc4 33. Kg2 a6 34. h3 f5 35. Bd3 Rf7 36. Qh5 Rc8 37. Rab1 Rc6 38. Kh2 Na3 39. R1b2 Nc4 40. Rb1 Na3 41. R1b2 Nc4 42. Rc2 Kg7 43. Qf3 Rc8 44. Qe2 Kg8 45. Rb1 Rc6 46. Qf3 Rc8 47. g4 Qd6+ 48. Kg1 fxg4 49. Qxg4 Rcc7 50. Qh5 Rg7 51. e4 Qf6 52. exd5 g4 53. Qf5 gxh3+ 54. Kh1 Qxf5 55. Bxf5 Na3 56. Rxc7 Rxc7 57. Rxb6 Rc1 58. Rg6+ Kf7 59. Rg1 Nc2 60. Bc3 Rxg1+ 61. Kxg1 Nb4 62. Be4 a5 63. Kh2 Ke7 64. Kxh3 Kd6 65. Kg4 Bg7 66. Kh5 Nxd5 67. Bxd5 Kxd5 68. Bxa5 Bxd4 69. f3 Kc4 70. Kxh6 Be3+ 71. Kg6 Bc1 1-0

[Event "GER CM03-B email"]
[Site "GER email"]
[Date "2016.06.26"]
[Round "?"]
[White "Krzyzanowski, Antoni"]
[Black "Skeels, James B"]
[Result "1/2-1/2"]
[WhiteElo "2377"]
[BlackElo "2342"]
[PlyCount "56"]
[EventDate "2016.??.??"]
[EventType "tourn (corr)"]
[EventRounds "13"]
[EventCountry "GER"]
[SourceTitle "Corr 2017"]
[Source "ChessBase"]
[SourceDate "2017.09.19"]
[SourceVersion "1"]
[SourceVersionDate "2017.09.19"]
[SourceQuality "1"]

1. d4 Nf6 2. c4 e6 3. Nc3 Bb4 4. Qc2 d5 5. cxd5 exd5 6. Bg5 c5 7. dxc5 h6 8. Bh4 g5 9. Bg3 Ne4 10. e3 Qa5 11. Nge2 Bf5 12. Be5 0-0 13. Nd4 Re8 14. Nxf5 Rxe5 15. Nxh6+ Kg7 16. Ng4 Re7 17. h4 Nxc3 18. bxc3 Bxc3+ 19. Kd1 Bxa1 20. hxg5 Re6 21. Rh7+ Kf8 22. Nf6 Bxf6 23. gxf6 Rxf6 24. Rh8+ Ke7 25. Qb2 Qxc5 26. Bd3 Qb6 27. Qe5+ Qe6 28. Qb2 Qg4+ 1/2-1/2

[Event "GER CM03-B email"]
[Site "GER email"]
[Date "2016.06.26"]
[Round "?"]
[White "Skeels, James B"]
[Black "Geissler, Walter"]
[Result "1/2-1/2"]
[WhiteElo "2342"]
[BlackElo "2339"]
[PlyCount "75"]
[EventDate "2016.??.??"]
[EventType "tourn (corr)"]
[EventRounds "13"]
[EventCountry "GER"]
[SourceTitle "Corr 2017"]
[Source "ChessBase"]
[SourceDate "2017.09.19"]
[SourceVersion "1"]
[SourceVersionDate "2017.09.19"]
[SourceQuality "1"]

1. e4 c5 2. Nf3 d6 3. d4 cxd4 4. Nxd4 Nf6 5. Nc3 a6 6. Be3 Ng4 7. Bg5 h6 8. Bh4 g5 9. Bg3 Bg7 10. Be2 h5 11. Bxg4 Bxg4 12. f3 Bd7 13. Bf2 Nc6 14. Qd2 Qa5 15. 0-0-0 Rc8 16. Kb1 Be6 17. Nxc6 bxc6 18. Bd4 f6 19. b3 Kf7 20. Rhe1 Qb4 21. Ne2 Qxd2 22. Rxd2 c5 23. Bc3 h4 24. h3 Rb8 25. Rf1 Rhc8 26. Rdd1 Bd7 27. f4 Bb5 28. Rde1 Bh6 29. Bd2 gxf4 30. Bxf4 Rh8 31. Kb2 Rbg8 32. Rf2 Bxe2 33. Rexe2 Bxf4 34. Rxf4 Ke6 35. Kc3 Rh5 36. Kc4 Ke5 37. Rff2 e6 38. Rd2 1/2-1/2

[Event "IECG WC Cand email"]
[Site "IECG email"]
[Date "2008.02.15"]
[Round "?"]
[White "Aberbach Peltzman, Angel Sergio"]
[Black "Skeels, James B"]
[Result "1/2-1/2"]
[WhiteElo "2208"]
[BlackElo "2357"]
[PlyCount "31"]
[EventDate "2008.02.15"]
[EventType "tourn (corr)"]
[EventRounds "6"]
[SourceTitle "Corr 2011"]
[Source "ChessBase"]
[SourceDate "2010.08.31"]
[SourceVersion "1"]
[SourceVersionDate "2010.08.31"]
[SourceQuality "1"]

1. e4 c5 2. Nf3 d6 3. d4 cxd4 4. Nxd4 Nf6 5. Nc3 a6 6. Be3 e5 7. Nb3 Be7 8. f3 0-0 9. Qd2 Be6 10. 0-0-0 a5 11. Bb5 Na6 12. Qe2 Qb8 13. Bb6 Rc8 14. Kb1 Nc7 15. Bxc7 Qxc7 16. g4 1/2-1/2

[Event "IECG CP.2003.S.00004 email"]
[Site "IECG email"]
[Date "2006.04.01"]
[Round "?"]
[White "Skeels, James B"]
[Black "Hnatovsky, Nicholas"]
[Result "1/2-1/2"]
[WhiteElo "2314"]
[BlackElo "2334"]
[PlyCount "97"]
[EventDate "2006.04.01"]
[EventType "tourn (corr)"]
[EventRounds "6"]
[EventCountry "UKR"]
[SourceTitle "Corr 2008"]
[Source "ChessBase"]
[SourceDate "2008.06.24"]
[SourceVersion "1"]
[SourceVersionDate "2008.06.24"]
[SourceQuality "1"]

1. Nf3 d5 2. d4 Nf6 3. c4 c6 4. Nc3 a6 5. c5 Nbd7 6. Bf4 Nh5 7. e3 g6 8. Bd3 Bg7 9. 0-0 0-0 10. Bg5 Re8 11. e4 dxe4 12. Bxe4 Nhf6 13. Bc2 Nf8 14. Qd2 Ne6 15. Bxf6 Bxf6 16. Rfd1 Qc7 17. Qe3 Ng7 18. d5 Nf5 19. Qe1 Bd7 20. Rac1 Rad8 21. b4 a5 22. a3 axb4 23. axb4 Qf4 24. Qe4 Qc7 25. Bb3 Bxc3 26. Rxc3 cxd5 27. Bxd5 e5 28. Rcd3 Ba4 29. Ng5 Rxd5 30. Rxd5 h6 31. Nf3 Bxd1 32. Rxd1 Qc6 33. Rd5 f6 34. Nd2 Kf7 35. Qc4 Qe6 36. Rd7+ Re7 37. Rd8 Qxc4 38. Nxc4 Rc7 39. Rb8 Rd7 40. g4 Nd4 41. Nd6+ Ke6 42. Rxb7 Rxb7 43. Nxb7 Kd5 44. Na5 f5 45. h3 f4 46. Kf1 e4 47. Kg2 h5 48. gxh5 gxh5 49. Kf1 1/2-1/2

[Event "IECG WC.2006.T.00001 email"]
[Site "IECG email"]
[Date "2006.02.07"]
[Round "?"]
[White "Perez, Brigiliano"]
[Black "Skeels, James B"]
[Result "1-0"]
[WhiteElo "2374"]
[BlackElo "2327"]
[PlyCount "107"]
[EventDate "2006.02.07"]
[EventType "tourn (corr)"]
[EventRounds "6"]
[SourceTitle "Corr 2008"]
[Source "ChessBase"]
[SourceDate "2008.06.24"]
[SourceVersion "1"]
[SourceVersionDate "2008.06.24"]
[SourceQuality "1"]

1. e4 c5 2. Nf3 d6 3. d4 cxd4 4. Nxd4 Nf6 5. Nc3 a6 6. Bg5 e6 7. f4 Qb6 8. Qd2 Nc6 9. Bxf6 gxf6 10. Nb3 Bd7 11. 0-0-0 0-0-0 12. Kb1 Kb8 13. Be2 h5 14. h4 Rc8 15. g4 hxg4 16. Bxg4 Rd8 17. h5 Bc8 18. Qh2 Bh6 19. Be2 Rhg8 20. Qh4 f5 21. exf5 Qc7 22. Rhf1 d5 23. fxe6 fxe6 24. f5 d4 25. Nxd4 Nxd4 26. Rxd4 exf5 27. Bf3 Rxd4 28. Qxd4 Bg7 29. Qd2 Bxc3 30. Qxc3 Qxc3 31. bxc3 Kc7 32. c4 Kd6 33. Kb2 b6 34. Kc3 Ke5 35. h6 Rh8 36. Rh1 Kf4 37. Bd5 Ke5 38. a3 f4 39. Bf3 Bf5 40. Bb7 a5 41. Bd5 Bg4 42. Re1+ Kf6 43. Rb1 Kg5 44. Rxb6 f3 45. Be4 Rxh6 46. Rxh6 Kxh6 47. Kd2 f2 48. Bg2 Bf5 49. Ke3 Bxc2 50. Kxf2 Kg5 51. Ke3 Kf6 52. Kd4 Ke7 53. Kc5 Bd3 54. Bd5 1-0